Encyclopedia of mammals / (Record no. 66111)
[ view plain ]
| 000 -LEADER | |
|---|---|
| fixed length control field | 00874nam a2200265 a 4500 |
| 001 - CONTROL NUMBER | |
| control field | 66111 |
| 003 - CONTROL NUMBER IDENTIFIER | |
| rucl marc code | BD-RjUL |
| 005 - DATE AND TIME OF LATEST TRANSACTION | |
| control field | 20211209081512.0 |
| 008 - FIXED-LENGTH DATA ELEMENTS--GENERAL INFORMATION | |
| fixed length control field | 170314t20052004enkab be 001 0 eng |
| 020 ## - INTERNATIONAL STANDARD BOOK NUMBER | |
| International Standard Book Number | 1840137967 : |
| Terms of availability | £17.95 |
| 035 ## - SYSTEM CONTROL NUMBER | |
| System control number | (BD-RjUL)66241 |
| 040 ## - CATALOGING SOURCE | |
| Original cataloging agency | StDuBDS |
| Modifying agency | Uk |
| Language of cataloging | eng |
| Transcribing agency | BD-RjUL |
| 041 ## - LANGUAGE CODE | |
| Language code of text/sound track or separate title | eng |
| 082 04 - DEWEY DECIMAL CLASSIFICATION NUMBER | |
| Classification number | 599.03 |
| Edition number | 23 |
| Author mark and year | BEE 2005 |
| 100 1# - MAIN ENTRY--PERSONAL NAME | |
| Personal name | Beer, Amy-Jane. |
| 9 (RLIN) | 195579 |
| 245 10 - TITLE STATEMENT | |
| Title | Encyclopedia of mammals / |
| Statement of responsibility, etc. | Amy-Jane Beer, Pat Morris. |
| 246 ## - VARYING FORM OF TITLE | |
| Title proper/short title | Encyclopedia of mammals: |
| Remainder of title | An essential guide to Mammals of the World |
| 260 ## - PUBLICATION, DISTRIBUTION, ETC. (IMPRINT) | |
| Place of publication, distribution, etc. | Hoo : |
| Name of publisher, distributor, etc. | Grange, |
| Date of publication, distribution, etc. | 2005 [c.2004] |
| 300 ## - PHYSICAL DESCRIPTION | |
| Pagination | 288 p. : |
| Illustrations | ill. ; |
| Size | 25 cm. |
| 504 ## - BIBLIOGRAPHY, ETC. NOTE | |
| Bibliography, etc | Includes bibliographical references and index. |
| 650 #0 - SUBJECT ADDED ENTRY--TOPICAL TERM | |
| Topical term or geographic name as entry element | Mammals |
| Form subdivision | Dictionaries. |
| 9 (RLIN) | 195580 |
| 700 1# - ADDED ENTRY--PERSONAL NAME | |
| Personal name | Morris, Pat, |
| Dates associated with a name | 1943- , jt. auth. |
| 942 ## - ADDED ENTRY ELEMENTS (KOHA) | |
| Source of classification or shelving scheme | Dewey Decimal Classification |
| Koha item type | Reference |
| Lost status | Source of classification or shelving scheme | Damaged status | Not for loan | Collection code | Permanent Location | Current Location | Shelving location | Date acquired | Source of acquisition | Cost, normal purchase price | Total Checkouts | Full call number | Date last seen | Copy number | Koha item type |
|---|---|---|---|---|---|---|---|---|---|---|---|---|---|---|---|
| Dewey Decimal Classification | Not For Loan | Non-fiction | Central Library, University of Rajshahi | Central Library, University of Rajshahi | 17/03/2009 | Dhaka, Paragon Enterprises Ltd. | 17.95 | R 599.03 BEE 2005 | 14/03/2017 | C-1 | Reference |